[Event "Terre degli Elimi op 5th"]
[Site "Erice"]
[Date "2014.07.22"]
[Round "5"]
[White "Savalla, Pietro"]
[Black "Bondielli, Giorgio"]
[Result "1/2-1/2"]
[WhiteElo "1894"]
[BlackElo "1820"]
[PlyCount "75"]
[EventDate "2014.07.19"]
[EventType "swiss"]
[EventRounds "9"]
[EventCountry "ITA"]
[SourceTitle "CBM 161 Extra"]
[Source "ChessBase"]
[SourceDate "2014.08.29"]
[SourceVersion "1"]
[SourceVersionDate "2014.08.29"]
[SourceQuality "1"]

1. d4 f5 2. Nc3 Nf6 3. Bg5 e6 4. e3 Be7 5. Bd3 0-0 6. Nge2 b6 7. Qd2 Ba6 8. f3 Bxd3 9. cxd3 Nc6 10. h3 Nh5 11. Bxe7 Qxe7 12. 0-0-0 Nf6 13. Kb1 a6 14. g4 Qd6 15. gxf5 exf5 16. Rdg1 Rae8 17. Ng3 Nd5 18. Nxd5 Qxd5 19. Qg2 Re7 20. Nh5 Rff7 21. h4 Nb4 22. b3 Qb5 23. Rd1 Nd5 24. Qd2 Rxe3 25. Rhg1 Rfe7 26. Ng3 Rf7 27. Nh5 Re2 28. Rde1 Rxe1+ 29. Rxe1 Re7 30. Rxe7 Nxe7 31. Qe3 Kf7 32. Kb2 Qc6 33. Nf4 Nd5 34. Nxd5 Qxd5 35. Kb1 Qe6 36. Qf2 Qd5 37. Qe3 Qe6 38. Qf2 1/2-1/2

[Event "Terre degli Elimi op 5th"]
[Site "Erice"]
[Date "2014.07.21"]
[Round "4"]
[White "Violi, Vincenzo"]
[Black "Savalla, Pietro"]
[Result "1/2-1/2"]
[WhiteElo "1839"]
[BlackElo "1894"]
[PlyCount "45"]
[EventDate "2014.07.19"]
[EventType "swiss"]
[EventRounds "9"]
[EventCountry "ITA"]
[SourceTitle "CBM 161 Extra"]
[Source "ChessBase"]
[SourceDate "2014.08.29"]
[SourceVersion "1"]
[SourceVersionDate "2014.08.29"]
[SourceQuality "1"]

1. e4 e5 2. Nf3 d6 3. d4 exd4 4. Qxd4 a6 5. Bf4 Nc6 6. Qd2 Nf6 7. Nc3 Be7 8. Bd3 0-0 9. 0-0-0 b5 10. Nd5 Be6 11. Ng5 Ne5 12. Nxe6 fxe6 13. Nxe7+ Qxe7 14. Bxe5 dxe5 15. Rdf1 Nd7 16. f4 exf4 17. Rxf4 Rxf4 18. Qxf4 e5 19. Qd2 Rd8 20. Rd1 Rf8 21. Be2 Nf6 22. g4 Kh8 23. Qe3 1/2-1/2

[Event "Terre degli Elimi op 4th"]
[Site "Erice"]
[Date "2013.07.28"]
[Round "7"]
[White "Iannello, Andrea"]
[Black "Savalla, Pietro"]
[Result "1/2-1/2"]
[WhiteElo "1837"]
[BlackElo "1909"]
[PlyCount "85"]
[EventDate "2013.07.24"]
[EventType "swiss"]
[EventRounds "7"]
[EventCountry "ITA"]
[SourceTitle "EXT 2015"]
[Source "ChessBase"]
[SourceDate "2014.11.20"]
[SourceVersion "1"]
[SourceVersionDate "2014.11.20"]
[SourceQuality "1"]

1. e4 e5 2. Nf3 d6 3. d4 exd4 4. Qxd4 Nc6 5. Bb5 Bd7 6. Bxc6 Bxc6 7. Nc3 Nf6 8. Bg5 Be7 9. 0-0-0 0-0 10. Rhe1 Nd7 11. Bxe7 Qxe7 12. Nd5 Bxd5 13. exd5 Qf6 14. Qxf6 Nxf6 15. Re7 Rac8 16. c4 Rfe8 17. Rde1 Rxe7 18. Rxe7 Kf8 19. Re2 Nd7 20. b3 Re8 21. Rxe8+ Kxe8 22. Kd2 a6 23. Ke3 Ke7 24. Kd4 Nf6 25. h3 h6 26. Nh4 g6 27. g3 Ne8 28. Ng2 Nf6 29. Nh4 Nd7 30. f4 Kf6 31. Nf3 Ke7 32. g4 Nf6 33. Nd2 Ne8 34. Ke4 Nf6+ 35. Kd4 Nh7 36. Ke4 Nf8 37. Nf3 Nd7 38. Nd2 h5 39. g5 Nb6 40. Kd4 Nd7 41. Ke4 Nb6 42. Kd4 Nd7 43. Ke4 1/2-1/2

[Event "Terre degli Elimi op 4th"]
[Site "Erice"]
[Date "2013.07.24"]
[Round "1"]
[White "Lammens, Tim"]
[Black "Savalla, Pietro"]
[Result "1-0"]
[WhiteElo "2316"]
[BlackElo "1909"]
[PlyCount "73"]
[EventDate "2013.07.24"]
[EventType "swiss"]
[EventRounds "7"]
[EventCountry "ITA"]
[SourceTitle "EXT 2015"]
[Source "ChessBase"]
[SourceDate "2014.11.20"]
[SourceVersion "1"]
[SourceVersionDate "2014.11.20"]
[SourceQuality "1"]

1. Nf3 d5 2. g3 Nf6 3. Bg2 g6 4. b3 Bg7 5. Bb2 0-0 6. 0-0 b6 7. c4 e6 8. cxd5 exd5 9. d4 Bb7 10. Nc3 Nbd7 11. Qc2 c6 12. Rfd1 Qe7 13. a4 Rfd8 14. a5 b5 15. a6 Bc8 16. e3 Rb8 17. Ne2 Rb6 18. Ne5 Nb8 19. Nf4 Ng4 20. Qc5 Re8 21. Qxb6 axb6 22. a7 Bb7 23. axb8Q Rxb8 24. Nxg4 f6 25. h4 Bc8 26. Nh2 Qf7 27. Rdc1 Bb7 28. Ra7 Qe8 29. Nxd5 cxd5 30. Rxb7 Rxb7 31. Bxd5+ Kh8 32. Bxb7 Qe7 33. Rc8+ Bf8 34. Bf3 Qb4 35. d5 Kg7 36. Ng4 Qxb3 37. Rc7+ 1-0

[Event "Terrasini Mediterranean op 3rd"]
[Site "Terrasini"]
[Date "2012.06.27"]
[Round "5"]
[White "Savalla, Pietro"]
[Black "Burlov, Vassili"]
[Result "0-1"]
[WhiteElo "1834"]
[BlackElo "2347"]
[PlyCount "54"]
[EventDate "2012.06.24"]
[EventType "swiss"]
[EventRounds "9"]
[EventCountry "ITA"]
[SourceTitle "CBM 149 Extra"]
[Source "ChessBase"]
[SourceDate "2012.08.24"]
[SourceVersion "1"]
[SourceVersionDate "2012.08.24"]
[SourceQuality "1"]

1. d4 g6 2. e4 Bg7 3. c3 d6 4. Nf3 Nd7 5. Bd3 e6 6. 0-0 Ne7 7. Be3 b6 8. Re1 Bb7 9. Nbd2 h6 10. c4 0-0 11. Qc2 f5 12. Nb3 c5 13. Bd2 e5 14. dxc5 dxc5 15. Bc3 f4 16. Qe2 Nc6 17. Rad1 Qe7 18. a4 a5 19. Bc2 g5 20. g3 Rf7 21. Rf1 Raf8 22. Nc1 Qe6 23. b3 Nd4 24. Bxd4 exd4 25. Bd3 Qh3 26. Kh1 g4 27. Nh4 Ne5 0-1

[Event "Terrasini Mediterranean op 3rd"]
[Site "Terrasini"]
[Date "2012.06.24"]
[Round "1"]
[White "Savalla, Pietro"]
[Black "Rizzardi, Franco"]
[Result "0-1"]
[WhiteElo "1834"]
[BlackElo "2026"]
[PlyCount "108"]
[EventDate "2012.06.24"]
[EventType "swiss"]
[EventRounds "9"]
[EventCountry "ITA"]
[SourceTitle "CBM 149 Extra"]
[Source "ChessBase"]
[SourceDate "2012.08.24"]
[SourceVersion "1"]
[SourceVersionDate "2012.08.24"]
[SourceQuality "1"]

1. d4 d5 2. Nf3 Nf6 3. e3 Bf5 4. Bd3 Bg6 5. 0-0 e6 6. Bxg6 hxg6 7. Nbd2 Nbd7 8. Qe2 Bd6 9. e4 dxe4 10. Nxe4 Nxe4 11. Qxe4 c6 12. Ne5 Nf6 13. Qe2 Qc7 14. h3 Rh5 15. c3 Bxe5 16. dxe5 Qxe5 17. Qxe5 Rxe5 18. Be3 b6 19. Rad1 Rd8 20. c4 Ra5 21. Rxd8+ Kxd8 22. a3 Rh5 23. Rd1+ Ke7 24. Bf4 e5 25. Re1 Nd7 26. Bg3 f6 27. f4 Ke6 28. Rd1 Rh8 29. Kf2 exf4 30. Bxf4 Ne5 31. Bxe5 fxe5 32. Ke3 Rh4 33. b3 Rh8 34. Ke4 Rf8 35. Ke3 Rf7 36. g3 Rf8 37. h4 g5 38. hxg5 Rf5 39. Re1 Rxg5 40. Kf3 Rf5+ 41. Ke3 Rh5 42. Rd1 Rh2 43. Rd3 Ra2 44. a4 Rb2 45. Ke4 Rb1 46. Kf3 Kf5 47. Ke3 e4 48. Rc3 Ke5 49. c5 bxc5 50. Rxc5+ Kd6 51. Rc3 Kd5 52. Kf4 Rf1+ 53. Kg4 a5 54. Kh3 Rf3 0-1

[Event "Trapani Province-ch"]
[Site "Erice"]
[Date "2012.01.15"]
[Round "2"]
[White "Oddo, Salvatore"]
[Black "Savalla, Pietro"]
[Result "1-0"]
[WhiteElo "1625"]
[BlackElo "1806"]
[PlyCount "139"]
[EventDate "2012.01.15"]
[EventType "swiss"]
[EventRounds "6"]
[EventCountry "ITA"]
[SourceTitle "EXT 2024"]
[Source "ChessBase"]
[SourceDate "2023.10.10"]
[SourceVersion "1"]
[SourceVersionDate "2023.10.10"]
[SourceQuality "1"]

1. Nf3 Nf6 2. g3 d5 3. d3 Nbd7 4. Nbd2 e5 5. e4 dxe4 6. dxe4 Bc5 7. Bg2 0-0 8. 0-0 c6 9. c3 Qc7 10. a4 Rd8 11. b4 Be7 12. Qb3 Nf8 13. Ng5 Ne6 14. Nxe6 Bxe6 15. Qc2 a5 16. Ba3 Nd7 17. Rfb1 Rab8 18. Bf1 Nf6 19. Bc4 Rxd2 20. Qxd2 Bxc4 21. f3 Rd8 22. Qf2 b5 23. axb5 cxb5 24. bxa5 Bxa3 25. Rxa3 Nd7 26. Rd1 Nc5 27. Rxd8+ Qxd8 28. Ra1 Nb3 29. Qb6 Qxb6+ 30. axb6 Nxa1 31. b7 h6 32. b8Q+ Kh7 33. Qxe5 Nb3 34. f4 Nc1 35. Qf5+ Kg8 36. Qe5 Nd3 37. Qe8+ Kh7 38. e5 Nc1 39. f5 Ne2+ 40. Kf2 Nxc3 41. Qc6 Nd5 42. e6 fxe6 43. fxe6 Nf6 44. e7 Bf7 45. Qxb5 Be8 46. Qb3 Bg6 47. h3 Ne4+ 48. Kg1 Nf6 49. Qe6 Ne8 50. Kf2 Nc7 51. Qc6 Ne8 52. g4 Nf6 53. Ke3 Be8 54. Qd6 Bf7 55. Kf4 Ne8 56. Qc6 Nf6 57. h4 Ne8 58. g5 h5 59. Kf5 g6+ 60. Ke5 Kg7 61. Qf3 Kg8 62. Kd4 Ng7 63. Kc5 Ne8 64. Kc6 Ng7 65. Kd6 Be8 66. Qf8+ Kh7 67. Qf6 Ba4 68. Ke5 Be8 69. Qf8 Ba4 70. Kf6 1-0

[Event "Sicilia Regional-ch"]
[Site "Marsala"]
[Date "2011.06.05"]
[Round "6"]
[White "Marino, Davide"]
[Black "Savalla, Pietro"]
[Result "0-1"]
[WhiteElo "1529"]
[BlackElo "1790"]
[PlyCount "50"]
[EventDate "2011.06.01"]
[EventType "swiss"]
[EventRounds "7"]
[EventCountry "ITA"]
[SourceTitle "EXT 2023"]
[Source "ChessBase"]
[SourceDate "2022.10.05"]
[SourceVersion "1"]
[SourceVersionDate "2022.10.05"]
[SourceQuality "1"]

1. e4 e5 2. Nf3 d6 3. d4 exd4 4. Nxd4 Nf6 5. Nc3 Be7 6. f4 0-0 7. Be3 Nc6 8. Qd2 Ng4 9. Nxc6 bxc6 10. Bd3 Nxe3 11. Qxe3 Re8 12. 0-0-0 c5 13. Rhe1 c6 14. Qf3 Rb8 15. e5 d5 16. f5 Bg5+ 17. Kb1 Qb6 18. b3 c4 19. Bf1 a5 20. Qg3 Bh6 21. Ka1 Bxf5 22. Re2 cxb3 23. cxb3 Qb4 24. Kb2 a4 25. Nxa4 Qxa4 0-1

[Event "Sicilia Regional-ch"]
[Site "Marsala"]
[Date "2011.06.01"]
[Round "1"]
[White "Savalla, Pietro"]
[Black "Mancuso, Fabrizio"]
[Result "1-0"]
[WhiteElo "1790"]
[BlackElo "1512"]
[PlyCount "127"]
[EventDate "2011.06.01"]
[EventType "swiss"]
[EventRounds "7"]
[EventCountry "ITA"]
[SourceTitle "EXT 2023"]
[Source "ChessBase"]
[SourceDate "2022.10.05"]
[SourceVersion "1"]
[SourceVersionDate "2022.10.05"]
[SourceQuality "1"]

1. d4 Nf6 2. Nf3 d5 3. e3 g6 4. Bd3 Bg7 5. Nbd2 Bg4 6. 0-0 0-0 7. h3 Bxf3 8. Qxf3 Nbd7 9. e4 dxe4 10. Nxe4 Nxe4 11. Qxe4 c6 12. c3 Nf6 13. Qf3 Qd5 14. Qe2 e6 15. Re1 Rfe8 16. Bf4 Qd8 17. Be5 Nd5 18. a3 Qg5 19. Qf3 Nf6 20. Rad1 Rad8 21. Qe3 Qxe3 22. fxe3 Nd5 23. Bxg7 Kxg7 24. Re2 a5 25. Rf1 Re7 26. e4 Nc7 27. Ref2 c5 28. Bc4 cxd4 29. Rd1 Red7 30. Rfd2 e5 31. Kf2 Kf6 32. Ke2 Ke7 33. cxd4 Rxd4 34. Rxd4 exd4 35. Kd3 Ne6 36. Bxe6 Kxe6 37. Rc1 Rd7 38. Rc5 b6 39. Rc6+ Rd6 40. Rxd6+ Kxd6 41. Kxd4 f6 42. h4 h5 43. g3 b5 44. b3 g5 45. b4 a4 46. Kd3 Ke5 47. Ke3 g4 48. Kd3 Ke6 49. Ke2 f5 50. Ke3 fxe4 51. Kxe4 Kf6 52. Kd4 Kf5 53. Kd5 Kf6 54. Kc5 Ke5 55. Kxb5 Ke4 56. Kxa4 Kf3 57. b5 Kxg3 58. b6 Kf2 59. b7 g3 60. b8Q g2 61. Qf4+ Kg1 62. Qg3 Kf1 63. Qf3+ Kg1 64. Qxh5 1-0

[Event "Trapani Province-ch"]
[Site "Erice"]
[Date "2011.02.12"]
[Round "2"]
[White "Campo, Renato"]
[Black "Savalla, Pietro"]
[Result "1/2-1/2"]
[WhiteElo "2003"]
[BlackElo "1742"]
[PlyCount "108"]
[EventDate "2011.02.12"]
[EventType "swiss"]
[EventRounds "6"]
[EventCountry "ITA"]
[SourceTitle "EXT 2024"]
[Source "ChessBase"]
[SourceDate "2023.10.10"]
[SourceVersion "1"]
[SourceVersionDate "2023.10.10"]
[SourceQuality "1"]

1. e4 e5 2. Bc4 Nc6 3. Nf3 Be7 4. c3 Nf6 5. Qe2 0-0 6. 0-0 a6 7. d4 exd4 8. e5 Ne8 9. cxd4 d5 10. Bb3 Na5 11. Bc2 c5 12. dxc5 Bxc5 13. Bxh7+ Kxh7 14. Ng5+ Kg8 15. Qc2 Bxf2+ 16. Rxf2 g6 17. Qa4 Nc4 18. Nc3 Bd7 19. Qd1 Bf5 20. Qd4 f6 21. exf6 Nxf6 22. Qh4 Ne5 23. Bf4 Nd3 24. Rd2 Nxf4 25. Qxf4 Qb6+ 26. Qd4 Qxd4+ 27. Rxd4 Rfd8 28. Rad1 Rac8 29. h3 Rc5 30. g4 Bc8 31. R1d2 b5 32. Kf2 Rc4 33. Nce4 Nxe4+ 34. Nxe4 Rxd4 35. Rxd4 Rf8+ 36. Ke3 dxe4 37. Rxe4 Bb7 38. Re7 Rf7 39. Re8+ Kg7 40. Rb8 Bg2 41. h4 Bd5 42. b3 Rd7 43. h5 gxh5 44. gxh5 Bf7 45. h6+ Kxh6 46. Rb6+ Kg7 47. Rxa6 Rb7 48. Kd4 Be8 49. Kc5 Kf7 50. a4 bxa4 51. bxa4 Ke7 52. Rh6 Kd8 53. Rb6 Rxb6 54. Kxb6 Bxa4 1/2-1/2

[Event "Nicolo La Rosa op 18th"]
[Site "Mazara del Vallo"]
[Date "2010.08.22"]
[Round "8"]
[White "Savalla, Pietro"]
[Black "Campo, Renato"]
[Result "0-1"]
[WhiteElo "1583"]
[BlackElo "2002"]
[PlyCount "88"]
[EventDate "2010.08.18"]
[EventType "swiss"]
[EventRounds "9"]
[EventCountry "ITA"]
[SourceTitle "EXT 2024"]
[Source "ChessBase"]
[SourceDate "2023.10.10"]
[SourceVersion "1"]
[SourceVersionDate "2023.10.10"]
[SourceQuality "1"]

1. e4 c5 2. Nf3 g6 3. d4 cxd4 4. Qxd4 Nf6 5. Nc3 Nc6 6. Qa4 d6 7. h3 Bd7 8. Be2 Bg7 9. Be3 0-0 10. Qc4 Rc8 11. Qd3 Nb4 12. Qd2 Nxe4 13. Nxe4 Nxc2+ 14. Kf1 Nxa1 15. Bd3 Qc7 16. Ne1 a6 17. Bb1 Ba4 18. b3 Bxb3 19. axb3 Nxb3 20. Qd3 Nc5 21. Nxc5 dxc5 22. Nf3 Rfd8 23. Qc2 b5 24. Ke2 c4 25. Rc1 a5 26. Ba2 Qc6 27. Bd2 Qa6 28. Be3 Rd7 29. Rd1 Rcd8 30. Rxd7 Rxd7 31. Ne1 Qd6 32. Qd2 Qc7 33. Qc2 f5 34. g3 e5 35. f4 e4 36. Qb1 Qc6 37. Qc2 Bf6 38. h4 Kg7 39. Qc1 c3 40. Qc2 a4 41. Qb1 Rb7 42. Nc2 b4 43. Nd4 Qa6+ 44. Kf2 b3 0-1

[Event "Nicolo La Rosa op 18th"]
[Site "Mazara del Vallo"]
[Date "2010.08.20"]
[Round "6"]
[White "Savalla, Pietro"]
[Black "Puleo, Diego"]
[Result "1-0"]
[WhiteElo "1583"]
[BlackElo "1938"]
[PlyCount "89"]
[EventDate "2010.08.18"]
[EventType "swiss"]
[EventRounds "9"]
[EventCountry "ITA"]
[SourceTitle "EXT 2024"]
[Source "ChessBase"]
[SourceDate "2023.10.10"]
[SourceVersion "1"]
[SourceVersionDate "2023.10.10"]
[SourceQuality "1"]

1. e4 c5 2. Nf3 e6 3. d4 cxd4 4. Nxd4 Nf6 5. Nc3 Qb6 6. Nb3 Bb4 7. Bd2 0-0 8. Bd3 d5 9. exd5 exd5 10. 0-0 Be6 11. a3 Bd6 12. Be3 Qd8 13. h3 Nc6 14. Nb5 Bb8 15. N5d4 Re8 16. Nxe6 fxe6 17. Nd4 e5 18. Nxc6 bxc6 19. c3 Qd6 20. g3 Bc7 21. b4 Bb6 22. Re1 g6 23. Qb3 Kg7 24. Bf1 Nh5 25. Bg2 d4 26. Red1 Qf6 27. cxd4 exd4 28. Bd2 Rf8 29. Rf1 d3 30. Bc3 Bd4 31. Bxd4 Qxd4 32. Kh2 Rad8 33. Rad1 Rxf2 34. Rxf2 Qxf2 35. Rxd3 Re8 36. Rf3 Qe1 37. Qc3+ Qxc3 38. Rxc3 Rc8 39. Rxc6 Rxc6 40. Bxc6 Kf7 41. Kg2 Ke6 42. Kf3 Nf6 43. Kf4 h6 44. h4 g5+ 45. hxg5 1-0

[Event "Erice op 1st"]
[Site "Erice"]
[Date "2010.08.03"]
[Round "2"]
[White "Gromovs, Sergejs"]
[Black "Savalla, Pietro"]
[Result "1-0"]
[WhiteElo "2365"]
[BlackElo "1583"]
[PlyCount "59"]
[EventDate "2010.07.28"]
[EventType "swiss"]
[EventRounds "7"]
[EventCountry "ITA"]
[SourceTitle "EXT 2024"]
[Source "ChessBase"]
[SourceDate "2023.10.10"]
[SourceVersion "1"]
[SourceVersionDate "2023.10.10"]
[SourceQuality "1"]

1. d4 Nf6 2. Nf3 c5 3. d5 e6 4. c4 exd5 5. cxd5 d6 6. Nc3 g6 7. e4 Bg7 8. Bg5 0-0 9. Nd2 Re8 10. Be2 Na6 11. 0-0 Nc7 12. a4 b6 13. f4 Qd7 14. h3 Na6 15. Bb5 Qe7 16. e5 dxe5 17. d6 Qe6 18. Bxf6 Bxf6 19. Bxe8 Qxe8 20. Nd5 Bd8 21. Ne4 Kg7 22. Qf3 Be6 23. Rad1 Qc6 24. Ne7 Bxe7 25. dxe7 Re8 26. Nf6 Qxa4 27. Qa3 Qb5 28. Qxa6 Qxa6 29. Nxe8+ Kg8 30. Nc7 1-0

[Event "Erice op 1st"]
[Site "Erice"]
[Date "2010.07.30"]
[Round "3"]
[White "Savalla, Pietro"]
[Black "Ferrante, Filippo"]
[Result "1-0"]
[WhiteElo "1583"]
[BlackElo "1619"]
[PlyCount "69"]
[EventDate "2010.07.28"]
[EventType "swiss"]
[EventRounds "7"]
[EventCountry "ITA"]
[SourceTitle "EXT 2024"]
[Source "ChessBase"]
[SourceDate "2023.10.10"]
[SourceVersion "1"]
[SourceVersionDate "2023.10.10"]
[SourceQuality "1"]

1. e4 e6 2. d4 d5 3. exd5 exd5 4. Nf3 Bd6 5. h3 Ne7 6. Bd3 c6 7. 0-0 0-0 8. Re1 Nd7 9. Nc3 Re8 10. a3 Nf8 11. Ne2 Qc7 12. c4 dxc4 13. Bxc4 Be6 14. Bxe6 Nxe6 15. Nc3 Rad8 16. Kh1 Bf4 17. Bxf4 Qxf4 18. Ne2 Qf6 19. Qa4 a6 20. Rad1 Nd5 21. Ng3 Qe7 22. Qc4 Qc7 23. b4 b5 24. Qc2 f6 25. Rc1 Rc8 26. Qd2 Qd7 27. Ne4 Nb6 28. Nc5 Nxc5 29. dxc5 Qxd2 30. Nxd2 Nd5 31. Ne4 Nf4 32. Nd6 Rxe1+ 33. Rxe1 Kf8 34. Nxc8 Nd3 35. Rf1 1-0

[Event "Trapani Province-ch"]
[Site "Erice"]
[Date "2010.01.11"]
[Round "2"]
[White "Savalla, Pietro"]
[Black "Campo, Renato"]
[Result "0-1"]
[WhiteElo "1612"]
[BlackElo "2010"]
[PlyCount "76"]
[EventDate "2010.01.10"]
[EventType "swiss"]
[EventRounds "6"]
[EventCountry "ITA"]
[SourceTitle "EXT 2024"]
[Source "ChessBase"]
[SourceDate "2023.10.10"]
[SourceVersion "1"]
[SourceVersionDate "2023.10.10"]
[SourceQuality "1"]

1. e4 g6 2. d4 Bg7 3. Nf3 c6 4. c4 d6 5. h3 Nd7 6. Nc3 e5 7. d5 Ngf6 8. dxc6 Nc5 9. Bd3 bxc6 10. Be3 Ne6 11. 0-0 0-0 12. c5 Nh5 13. cxd6 Qxd6 14. Ne2 Nhf4 15. Bxf4 exf4 16. Qc2 Rb8 17. Rab1 c5 18. Rfd1 Ba6 19. e5 Qb6 20. b3 Rfd8 21. Nc3 Nd4 22. Na4 Nxf3+ 23. gxf3 Bxd3 24. Rxd3 Qe6 25. Rxd8+ Rxd8 26. Kg2 Qxe5 27. Qxc5 Qxc5 28. Nxc5 Rd2 29. a4 f5 30. Ne6 Bf6 31. Nxf4 Bd4 32. Rf1 Kf7 33. b4 Be5 34. Nxg6 hxg6 35. h4 Bd4 36. Kg3 Rb2 37. b5 Ra2 38. Rd1 Bxf2+ 0-1

[Event "Nicolo La Rosa op 17th"]
[Site "Mazara del Vallo"]
[Date "2009.08.08"]
[Round "3"]
[White "Savalla, Pietro"]
[Black "D'Angelo, Giovanni"]
[Result "0-1"]
[WhiteElo "1488"]
[BlackElo "1647"]
[PlyCount "136"]
[EventDate "2009.08.07"]
[EventType "swiss"]
[EventRounds "6"]
[EventCountry "ITA"]
[SourceTitle "EXT 2011"]
[Source "ChessBase"]
[SourceDate "2010.11.26"]
[SourceVersion "1"]
[SourceVersionDate "2010.11.26"]
[SourceQuality "1"]

1. e4 d6 2. d4 Nf6 3. Nc3 g6 4. h3 Bg7 5. Nf3 0-0 6. Bc4 c6 7. 0-0 Nxe4 8. Nxe4 d5 9. Bd3 dxe4 10. Bxe4 Be6 11. Be3 Bd5 12. Bxd5 cxd5 13. Qd2 Nc6 14. Bh6 Qd6 15. Rfe1 Rfe8 16. Bxg7 Kxg7 17. a3 a5 18. Ne5 h5 19. Qe3 Rac8 20. c3 a4 21. Nxc6 Rxc6 22. Qd3 Rb6 23. Rab1 Rb3 24. Re2 b5 25. Qd2 Qf6 26. Re3 Qf5 27. Ree1 e5 28. Qd1 e4 29. Re3 Re6 30. f3 Qf4 31. Qe2 exf3 32. Rxf3 Rxe2 33. Rxf4 Rbxb2 34. Rxb2 Rxb2 35. Rf2 Rb3 36. Ra2 Rxc3 37. Rb2 Rb3 38. Ra2 Rd3 39. Rb2 Rxd4 40. Rxb5 Rd3 41. Ra5 Rxa3 42. Rxd5 Ra2 43. Rd1 Kf6 44. Re1 Kg5 45. Kh2 a3 46. Rf1 f5 47. Rc1 Re2 48. Ra1 a2 49. Kg3 Rb2 50. h4+ Kf6 51. Kf3 Ke5 52. g3 Kd4 53. Kf4 Kc3 54. Kg5 Kb3 55. Kxg6 Rg2 56. Kxf5 Rxg3 57. Kf4 Rg4+ 58. Kf3 Rxh4 59. Kg3 Rc4 60. Rf1 Kb2 61. Rf2+ Rc2 62. Rxc2+ Kxc2 63. Kh4 a1Q 64. Kxh5 Qg1 65. Kh4 Kd3 66. Kh3 Ke4 67. Kh4 Kf4 68. Kh3 Qg3# 0-1

[Event "Nicolo La Rosa op 17th"]
[Site "Mazara del Vallo"]
[Date "2009.08.07"]
[Round "1"]
[White "Savalla, Pietro"]
[Black "Melograni, Francesco"]
[Result "0-1"]
[WhiteElo "1488"]
[BlackElo "1824"]
[PlyCount "74"]
[EventDate "2009.08.07"]
[EventType "swiss"]
[EventRounds "6"]
[EventCountry "ITA"]
[SourceTitle "EXT 2011"]
[Source "ChessBase"]
[SourceDate "2010.11.26"]
[SourceVersion "1"]
[SourceVersionDate "2010.11.26"]
[SourceQuality "1"]

1. e4 e5 2. Nf3 Nc6 3. Bc4 Bc5 4. d4 Bxd4 5. Nxd4 exd4 6. 0-0 Qf6 7. Nd2 Nge7 8. Nf3 Ne5 9. Nxe5 Qxe5 10. Re1 Ng6 11. Qf3 0-0 12. Bd2 d6 13. c3 Be6 14. Bd3 dxc3 15. Bxc3 Qf4 16. Qxf4 Nxf4 17. Bc2 Bc4 18. Re3 Bb5 19. Rae1 Rfe8 20. Rg3 Ne2+ 21. Rxe2 Bxe2 22. Bxg7 Re6 23. e5 Bh5 24. Bf5 Bg6 25. Bxe6 Kxg7 26. Bb3 dxe5 27. Kf1 Rd8 28. Ke2 f5 29. Rd3 Rxd3 30. Kxd3 Bf7 31. Bxf7 Kxf7 32. f3 h5 33. g3 Ke6 34. h3 c5 35. g4 b5 36. b3 Kf6 37. a3 Kg5 0-1

[Event "Sicilia Regional-ch"]
[Site "Erice"]
[Date "2009.05.31"]
[Round "3"]
[White "Camarda, Giuseppe"]
[Black "Savalla, Pietro"]
[Result "0-1"]
[WhiteElo "1553"]
[BlackElo "1434"]
[PlyCount "98"]
[EventDate "2009.05.30"]
[EventType "swiss"]
[EventRounds "7"]
[EventCountry "ITA"]
[SourceTitle "EXT 2011"]
[Source "ChessBase"]
[SourceDate "2010.11.26"]
[SourceVersion "1"]
[SourceVersionDate "2010.11.26"]
[SourceQuality "1"]

1. c4 e5 2. g3 Nf6 3. Bg2 d5 4. cxd5 Nxd5 5. Nc3 Nf6 6. d3 h6 7. a3 Bc5 8. e3 0-0 9. b4 Bb6 10. Nge2 Re8 11. 0-0 Qd7 12. Bb2 a6 13. Qc2 Nc6 14. Rad1 Qe6 15. d4 exd4 16. exd4 Qf5 17. Qxf5 Bxf5 18. d5 Ne5 19. d6 c6 20. Na4 Ba7 21. Kh1 Bc2 22. Bxe5 Rxe5 23. Nac3 Bxd1 24. Rxd1 Rd8 25. f4 Re6 26. d7 Rxd7 27. Rxd7 Nxd7 28. Bh3 Re7 29. Kg2 f6 30. Kf3 Kf7 31. Ne4 Kf8 32. N4c3 Re3+ 33. Kg2 Nb6 34. Bg4 Ke7 35. Bf3 f5 36. h4 Nc4 37. a4 Nd2 38. Bh5 g6 39. Bxg6 Ne4 40. Kh3 Nxc3 41. Nxc3 Rxc3 42. Bxf5 Bf2 43. Kg4 Rxg3+ 44. Kh5 Rf3 45. Kg4 Rg3+ 46. Kh5 Rb3 47. b5 cxb5 48. axb5 Rxb5 49. Kg4 Bxh4 0-1

[Event "Sicilia Regional-ch"]
[Site "Erice"]
[Date "2009.05.31"]
[Round "2"]
[White "Giannilivigni, Marco"]
[Black "Savalla, Pietro"]
[Result "1/2-1/2"]
[WhiteElo "1431"]
[BlackElo "1434"]
[PlyCount "88"]
[EventDate "2009.05.30"]
[EventType "swiss"]
[EventRounds "7"]
[EventCountry "ITA"]
[SourceTitle "EXT 2011"]
[Source "ChessBase"]
[SourceDate "2010.11.26"]
[SourceVersion "1"]
[SourceVersionDate "2010.11.26"]
[SourceQuality "1"]

1. c4 e5 2. Nc3 Nf6 3. Nf3 Nc6 4. d4 exd4 5. Nxd4 Nxd4 6. Qxd4 d6 7. b3 h6 8. Bb2 Be7 9. e3 Be6 10. Rd1 c6 11. Be2 Qb6 12. 0-0 Qxd4 13. Rxd4 0-0 14. Ba3 Rad8 15. Rfd1 c5 16. R4d2 a6 17. b4 b6 18. b5 a5 19. e4 Rd7 20. f3 Rfd8 21. Bd3 Kf8 22. Bb2 Kg8 23. Nd5 Bxd5 24. exd5 Re8 25. Re1 Kf8 26. Rde2 Rdd8 27. g3 Rb8 28. Kg2 Rbd8 29. g4 g5 30. Bf5 Rb8 31. h3 Bd8 32. Kf2 Rxe2+ 33. Rxe2 Be7 34. Kg3 Re8 35. Bxf6 Bxf6 36. Rxe8+ Kxe8 37. Kf2 Ke7 38. Ke3 Be5 39. Ke4 Kf6 40. Bd7 Bf4 41. Bf5 Be5 42. Bd7 Bg3 43. Bf5 Bf4 44. Bd7 Be5 1/2-1/2

[Event "Nicolo La Rosa op 16th"]
[Site "Mazara del Vallo"]
[Date "2008.08.13"]
[Round "5"]
[White "Architetto, Sandro"]
[Black "Savalla, Pietro"]
[Result "1-0"]
[WhiteElo "1620"]
[BlackElo "1440"]
[PlyCount "75"]
[EventDate "2008.08.11"]
[EventType "swiss"]
[EventRounds "6"]
[EventCountry "ITA"]
[SourceTitle "EXT 2011"]
[Source "ChessBase"]
[SourceDate "2010.11.26"]
[SourceVersion "1"]
[SourceVersionDate "2010.11.26"]
[SourceQuality "1"]

1. e4 e5 2. Nf3 Nf6 3. Nxe5 Nc6 4. Nxc6 dxc6 5. d3 Bc5 6. Be2 0-0 7. Bg5 Qd6 8. Nd2 h6 9. Bh4 Re8 10. Nf3 Qe6 11. h3 Bd7 12. Bg3 Bb6 13. 0-0 Rad8 14. e5 Nd5 15. d4 c5 16. c3 cxd4 17. cxd4 Bc6 18. Rc1 Ne7 19. b3 Nf5 20. Qc2 Nxg3 21. fxg3 Bxf3 22. Rxf3 Bxd4+ 23. Kh1 Bxe5 24. Bc4 Qd6 25. Bxf7+ Kh8 26. Bxe8 Rxe8 27. Kh2 h5 28. Qf5 g6 29. Qg5 Qe7 30. Qh6+ Kg8 31. Qxg6+ Bg7 32. Qxh5 Rf8 33. Rxf8+ Bxf8 34. Qd5+ Kh8 35. Qxb7 a5 36. Rxc7 Qg5 37. Rh7+ Kg8 38. Qf7# 1-0